Fundamentals of Agricultural Extension (Record no. 231)

MARC details
000 -LEADER
fixed length control field 00347nam a22001457a 4500
020 ## - INTERNATIONAL STANDARD BOOK NUMBER
International Standard Book Number 978-81-7754-442-3
041 ## - LANGUAGE CODE
Language code of text/sound track or separate title ENG
100 ## - MAIN ENTRY--PERSONAL NAME
Personal name Barman.U
245 ## - TITLE STATEMENT
Title Fundamentals of Agricultural Extension
260 ## - PUBLICATION, DISTRIBUTION, ETC. (IMPRINT)
Place of publication, distribution, etc Jodhpur
Name of publisher, distributor, etc Agroblos
Date of publication, distribution, etc 2018
300 ## - PHYSICAL DESCRIPTION
Extent 249
650 ## - SUBJECT ADDED ENTRY--TOPICAL TERM
Topical term or geographic name as entry element UPSC
700 ## - ADDED ENTRY--PERSONAL NAME
Personal name Talukdar.R.K , Mishra .P
856 ## - ELECTRONIC LOCATION AND ACCESS
Uniform Resource Identifier Competitive Exam
Holdings
Withdrawn status Lost status Source of classification or shelving scheme Damaged status Not for loan Home library Current library Date acquired Cost, normal purchase price Total Checkouts Barcode Date last seen Date checked out Price effective from Koha item type
    Dewey Decimal Classification     College of Agricultural Engineering and Technology, Dapoli , Library Liberty 27/01/2021 750.00 3 007854 29/01/2021 29/01/2021 27/01/2021 Books
    Dewey Decimal Classification     College of Agricultural Engineering and Technology, Dapoli , Library Liberty 27/01/2021 750.00   007855 27/01/2021   27/01/2021 Books

Contact Us: College of Agricultural Engineering and Technology, Dapoli, Dist.- Ratnagiri
Website: https://dbskkv.org Email: caetlibrary2015@gmail.com